• 首页
  • 本馆介绍
  • 公告通知
  • 最新文献
  • 馆藏检索
  • 电子资源
  • 读者导购
  • 参考咨询
  • 我的图书馆
  • 登录
  • 详细信息显示
  • 放入我的书架
  • 预约/预借图书
  • 作者相关作品
  • 分类相关作品
  • 丛书相关作品
  • 出版社相关作品

书目信息

  • 表格格式
  • 工作单格式
  • 卡片格式
书名: Motor cars
作者: Wendy Body.
分册号:
分册名:
出版地: London :
 
出版社: Educational Supply Association
出版时间: [1961, c1957].
页数: 32 p. :
开本: 20cm.
丛书名:
中图分类号:
科图分类号:
其他分类号: H319.4
主题词:
电子资源:
000 00723nam a22002171 450
001 E0731714881
005 20070227085648.06
008 780425t19611957enkac 000 0 eng
010    @a67008978
035    @A(DLC) 67008978
040    @aDLC@cDLC@dDLC
050 10 @aTL15
090    @aH319.4
099    @dH319.4@ex135
100 1  @aRolt, L. T. C.,@d1910-1974.
245 10 @aMotor cars :@byou may not have a jaguar,but if you want to know all about cars.. / @cWendy Body.
260    @aLondon :@bEducational Supply Association,@c[1961, c1957].
300    @a32 p. :@billus., ports. ;@c20cm.
490 0  @aInformation book. How things developed
650  0 @aAutomobiles@xHistory.
906    @a7@bcbc@corignew@d1@eocip@f19@gy-gencatlg
    
    Motor cars : : you may not have a jaguar,but if you want to know all about cars.. / / Wendy Body.-London : : Educational Supply Association, , [1961, c1957].
    32 p. : : illus., ports. ; ; 20cm.- (Information book. How things developed )
    
    
    ISBN
    
●
相关链接 在E读中查询图书 在五车中查询图书 在当当中查询图书 在豆瓣中查询图书


正题名:Motor cars     索取号:H319.4/x135         预约/预借

序号 登录号 条形码 馆藏地/架位号 状态 备注
1 96170   001197449   第四借阅区/ [索取号:H319.4/x135] 在馆    
2 96171   001197430   第四借阅区/ [索取号:H319.4/x135] 在馆    
3 96172   001197412   第四借阅区/ [索取号:H319.4/x135] 在馆    
4 96173   001197403   第四借阅区/ [索取号:H319.4/x135] 在馆    
5 96174   001197421   第四借阅区/ [索取号:H319.4/x135] 在馆    
6 96175   001197396   密集书库/ [索取号:H319.4/x135] 在馆    
7 96176   001197378   密集书库/ [索取号:H319.4/x135] 在馆    
8 96177   001197387   密集书库/ [索取号:H319.4/x135] 在馆    
9 96178   001197369   密集书库/ [索取号:H319.4/x135] 在馆    
10 96179   001197332   密集书库/ [索取号:H319.4/x135] 在馆    
11 96180   001197341   密集书库/ [索取号:H319.4/x135] 在馆    
12 96181   001197350   密集书库/ [索取号:H319.4/x135] 在馆    
13 96182   001197323   密集书库/ [索取号:H319.4/x135] 在馆    
14 96183   001197252   密集书库/ [索取号:H319.4/x135] 在馆    
15 96184   001197289   密集书库/ [索取号:H319.4/x135] 在馆    
16 96185   001197270   密集书库/ [索取号:H319.4/x135] 在馆    
17 96186   001197261   密集书库/ [索取号:H319.4/x135] 在馆    
18 96187   001197216   密集书库/ [索取号:H319.4/x135] 在馆    
19 96188   001197225   密集书库/ [索取号:H319.4/x135] 在馆    
20 96189   001197298   密集书库/ [索取号:H319.4/x135] 在馆    
21 96190   001197207   密集书库/ [索取号:H319.4/x135] 在馆    
22 96191   001197476   密集书库/ [索取号:H319.4/x135] 在馆    
23 96192   001197234   密集书库/ [索取号:H319.4/x135] 在馆    
24 96193   001197243   密集书库/ [索取号:H319.4/x135] 在馆    
25 96194   001197190   密集书库/ [索取号:H319.4/x135] 在馆    
26 96196   001197181   密集书库/ [索取号:H319.4/x135] 在馆    
唐山师范学院图书馆 欢迎您!
大连网信软件有限公司© 版权所有